书目信息 |
| 题名: |
对症拔罐速查图典
|
|
| 作者: | 李志刚 著 | |
| 分册: | ||
| 出版信息: | 武汉 湖北科学技术出版社 2016 |
|
| 页数: | 200页 | |
| 开本: | 24cm | |
| 丛书名: | ||
| 单 册: | ||
| 中图分类: | R244.3-64 | |
| 科图分类: | ||
| 主题词: | 拔罐疗法--图解 | |
| 电子资源: | ||
| ISBN: | 978-7-5352-9081-6 | |
| 000 | 00910nam0 2200229 450 | |
| 001 | 2343662558 | |
| 005 | 20231130120757.22 | |
| 010 | @a978-7-5352-9081-6@dCNY39.80 | |
| 100 | @a20181129d2016 em y0chiy50 ea | |
| 101 | 0 | @achi |
| 102 | @aCN@b420000 | |
| 105 | @aa z 000yy | |
| 200 | 1 | @a对症拔罐速查图典@Adui zheng ba guan su cha tu dian@f李志刚著 |
| 210 | @a武汉@c湖北科学技术出版社@d2016 | |
| 215 | @a200页@d24cm | |
| 300 | @a中医堂·会说话的理疗书 金版健康文库 | |
| 330 | @a本书主要介绍了拔罐的基础知识、拔罐的作用、拔罐的手法、禁忌等,用图文并茂的形式,讲述了经脉腧穴常识,并将常见的病症进行了全面细致的分类,方便读者对每种病症对症拔罐。所取穴位通过图解的方式一一详细标注,所用手法也进行了详细的说明,让读者对症查询一用就会。 | |
| 606 | 0 | @a拔罐疗法@j图解 |
| 690 | @aR244.3-64@v5 | |
| 701 | 0 | @a李志刚@Ali zhi gang@f(1965.6~)@4著 |
| 801 | 0 | @aCN@b山东中教@c20231126 |
| 905 | @aBZT@dR244.3-64@e4 | |
| 对症拔罐速查图典/李志刚著.-武汉:湖北科学技术出版社,2016 |
| 200页;24cm |
| 中医堂·会说话的理疗书 金版健康文库 |
| ISBN 978-7-5352-9081-6:CNY39.80 |
| 本书主要介绍了拔罐的基础知识、拔罐的作用、拔罐的手法、禁忌等,用图文并茂的形式,讲述了经脉腧穴常识,并将常见的病症进行了全面细致的分类,方便读者对每种病症对症拔罐。所取穴位通过图解的方式一一详细标注,所用手法也进行了详细的说明,让读者对症查询一用就会。 |
| ● |
| 相关链接 |
|
|
|
正题名:对症拔罐速查图典
索取号:R244.3-64/4
 
预约/预借
| 序号 | 登录号 | 条形码 | 馆藏地/架位号 | 状态 | 备注 |
| 1 | 2001233687 | 2001233687 | 中教(第二批第二书库)/山东中教(第二批)/1395/ [索取号:R244.3-64/4] | 在馆 | |
| 2 | 2001233688 | 2001233688 | 中教(第二批第二书库)/山东中教(第二批)/1395/ [索取号:R244.3-64/4] | 在馆 | |
| 3 | 2001233689 | 2001233689 | 中教(第二批第二书库)/山东中教(第二批)/1395/ [索取号:R244.3-64/4] | 在馆 | |
| 4 | 2001233690 | 2001233690 | 中教(第二批第二书库)/山东中教(第二批)/1395/ [索取号:R244.3-64/4] | 在馆 | |
| 5 | 2001233691 | 2001233691 | 中教(第二批第二书库)/山东中教(第二批)/1395/ [索取号:R244.3-64/4] | 在馆 | |
| 6 | 2001233692 | 2001233692 | 中教(第二批第二书库)/山东中教(第二批)/1395/ [索取号:R244.3-64/4] | 在馆 | |
| 7 | 2001233693 | 2001233693 | 中教(第二批第二书库)/山东中教(第二批)/1395/ [索取号:R244.3-64/4] | 在馆 | |
| 8 | 2001233694 | 2001233694 | 中教(第二批第二书库)/山东中教(第二批)/1395/ [索取号:R244.3-64/4] | 在馆 | |
| 9 | 2001233695 | 2001233695 | 中教(第二批第二书库)/山东中教(第二批)/1395/ [索取号:R244.3-64/4] | 在馆 | |
| 10 | 2001233696 | 2001233696 | 中教(第二批第二书库)/山东中教(第二批)/1395/ [索取号:R244.3-64/4] | 在馆 | |
| 11 | 2001233697 | 2001233697 | 中教(第二批第二书库)/山东中教(第二批)/1395/ [索取号:R244.3-64/4] | 在馆 | |
| 12 | 2001233698 | 2001233698 | 中教(第二批第二书库)/山东中教(第二批)/1395/ [索取号:R244.3-64/4] | 在馆 | |
| 13 | 2001233699 | 2001233699 | 中教(第二批第二书库)/山东中教(第二批)/1395/ [索取号:R244.3-64/4] | 在馆 | |
| 14 | 2001233700 | 2001233700 | 中教(第二批第二书库)/山东中教(第二批)/1395/ [索取号:R244.3-64/4] | 在馆 | |
| 15 | 2001233701 | 2001233701 | 中教(第二批第二书库)/山东中教(第二批)/1395/ [索取号:R244.3-64/4] | 在馆 | |
| 16 | 2001233702 | 2001233702 | 中教(第二批第二书库)/山东中教(第二批)/1395/ [索取号:R244.3-64/4] | 在馆 | |
| 17 | 2001233703 | 2001233703 | 中教(第二批第二书库)/山东中教(第二批)/1395/ [索取号:R244.3-64/4] | 在馆 | |
| 18 | 2001233704 | 2001233704 | 中教(第二批第二书库)/山东中教(第二批)/1395/ [索取号:R244.3-64/4] | 在馆 | |
| 19 | 2001233705 | 2001233705 | 中教(第二批第二书库)/山东中教(第二批)/1395/ [索取号:R244.3-64/4] | 在馆 | |
| 20 | 2001233706 | 2001233706 | 中教(第二批第二书库)/山东中教(第二批)/1395/ [索取号:R244.3-64/4] | 在馆 | |
| 21 | 2001233707 | 2001233707 | 中教(第二批第二书库)/山东中教(第二批)/1395/ [索取号:R244.3-64/4] | 在馆 | |
| 22 | 2001233708 | 2001233708 | 中教(第二批第二书库)/山东中教(第二批)/1395/ [索取号:R244.3-64/4] | 在馆 | |
| 23 | 2001233709 | 2001233709 | 中教(第二批第二书库)/山东中教(第二批)/1395/ [索取号:R244.3-64/4] | 在馆 | |
| 24 | 2001233710 | 2001233710 | 中教(第二批第二书库)/山东中教(第二批)/1395/ [索取号:R244.3-64/4] | 在馆 | |
| 25 | 2001233711 | 2001233711 | 中教(第二批第二书库)/山东中教(第二批)/1395/ [索取号:R244.3-64/4] | 在馆 | |
| 26 | 2001233712 | 2001233712 | 中教(第二批第二书库)/山东中教(第二批)/1395/ [索取号:R244.3-64/4] | 在馆 | |
| 27 | 2001233713 | 2001233713 | 中教(第二批第二书库)/山东中教(第二批)/1395/ [索取号:R244.3-64/4] | 在馆 | |
| 28 | 2001233714 | 2001233714 | 中教(第二批第二书库)/山东中教(第二批)/1395/ [索取号:R244.3-64/4] | 在馆 | |
| 29 | 2001233715 | 2001233715 | 中教(第二批第二书库)/山东中教(第二批)/1395/ [索取号:R244.3-64/4] | 在馆 | |
| 30 | 2001233716 | 2001233716 | 中教(第二批第二书库)/山东中教(第二批)/1395/ [索取号:R244.3-64/4] | 在馆 |